Normal view MARC view
  • Aboites, Hugo

Entry Nombre Personal

Number of records used in: 8

001 - NUMERO DE CONTROL

  • campo de control: 40586

003 - IDENTIFICADOR DE NUMERO DE CONTROL

  • campo de control: UPN

005 - FECHA Y HORA DE LA ÜLTIMA TRANSACCIÓN

  • campo de control: 20210219194558.0

008 - DATOS DE LONGITUD FIJA

  • campo de control de longitud fija: nabaccnnaabn|||||||||| b |nc|||||d

035 ## - NUMERO DE CONTROL

  • Número de control: UPN11000012693

040 ## - FUENTE DE CATALOGACIÓN

  • Lenguaje de catalogación: SPA
  • Agencia de transcripción: UPN

100 1# - ENCABEZAMIENTO - NOMBRE PERSONAL

  • Nombre personal: Aboites, Hugo

400 1# - VEÁSE - NOMBRE DE PERSONA

  • Personal name: Aboites Aguilar, Vicente Hugo

400 1# - VEÁSE - NOMBRE DE PERSONA

  • Personal name: Aboites Aguilar, Hugo

400 1# - VEÁSE - NOMBRE DE PERSONA

  • Personal name: Aboites, Vicente

670 ## - FUENTE EN LA QUE SE LOCALIZARON DATOS

  • Cita de la fuente: T
  • Información localizada: La medida de una nación

680 ## - NOTA PUBLICA DE ACCESO PÚBLICO

  • Frase explicativa de la referencia: Doctor y maestro en Educación por la Universidad de Harvard. Desde 1980 es profesor investigador titular en el Departamento de Educación y Comunicación de la UAM-Xochimilco

902 ## - CATALOGADOR

  • Catalogador: MCM7120917